000 00633nam a2200217 4500
003 OSt
005 20240628070513.0
006 a
008 240628b |||||||| |||| 00| 0 eng d
020 _a9789712725197
040 _aDWCL-Main lib.
_cOC
082 _aFil. 398.094 Es79f 2011
100 _aEsteban, Rolando C.
245 _aFolktales of southern Philippines /
260 _aMandaluyong City :
_bAnvil Pub. , Inc. ,
_cc2011.
300 _axiii,
_b162 p. : ill. ;
_c22 cm.
504 _aIncludes bibliographical references.
650 _a1. Folklore-Mindanao.
650 _a2. Folklore.
942 _2ddc
_n0
_cBK - FIL
_kFil.
999 _c1601
_d1601